عرض عادي
عرض مارك
- Computer science
مدخل مصطلح موضوعي
001 - رقم الضبط
- حقل الضبط: 51898
003 - معرف رقم الضبط
- حقل الضبط: OSt
005 - تاريخ ووقت أخر عملية
- حقل الضبط: 20151011185828.0
008 - عناصر بيانات ثابتة الطول
- حقل تحكم ثابت الطول: 151011|| aca||aabn | a|a d
040 ## - مصدر الفهرسة
- هيئة الفهرسة الأصلية: OSt
- وكالة الكتابة: OSt
150 ## - مدخل-- مصطلح تاريخي
- عنصر مدخل المصطلح الموضوعي او الاسم الجغرافي: Computer science
- تفريع عام: Mathematics.
670 ## - بيانات المصدر موجوده
- الاستشهاد بالمصدر: Work cat.: (OSt)0: Truss, J. K. 51897, Discrete mathematics for computer scientists /, 2011
